Los animales no humanos (Registro nro. 962)

Detalles MARC
000 -LEADER
fixed length control field 01018 a2200217 4500
001 - CONTROL NUMBER
control field 22320
005 - DATE AND TIME OF LATEST TRANSACTION
control field 20260407155513.0
008 - FIXED-LENGTH DATA ELEMENTS--GENERAL INFORMATION
fixed length control field 260407a2013 arg spa d
003 - CONTROL NUMBER IDENTIFIER
control field AR-UNSa-BCEJYS
040 ## - CATALOGING SOURCE
Original cataloging agency AR-UNSa-BCEJYS
Language of cataloging spa
Transcribing agency AR-UNSa-BCEJYS
080 ## - UNIVERSAL DECIMAL CLASSIFICATION NUMBER
Universal Decimal Classification number 316.74:34
Common auxiliary subdivision Sociología del Derecho
020 ## - INTERNATIONAL STANDARD BOOK NUMBER
International Standard Book Number 978-950-894-921-9
100 1# - MAIN ENTRY--PERSONAL NAME
Personal name Pocar, Valerio
245 10 - TITLE STATEMENT
Title Los animales no humanos
Name of part/section of a work por una sociologìa de los derechos
264 #1 - PRODUCTION, PUBLICATION, DISTRIBUTION, MANUFACTURE, AND COPYRIGHT NOTICE
Place of production, publication, distribution, manufacture Buenos Aires :
Name of producer, publisher, distributor, manufacturer AD-HOC
Date of production, publication, distribution, manufacture, or copyright notice 2013
300 ## - PHYSICAL DESCRIPTION
Extent 157 p.
Dimensions 23 cm.
505 ## - FORMATTED CONTENTS NOTE
Formatted contents note 1. Animalismo y ecologismo - 2. El derecho de los animales y las ideras - 3. Por una teoría sociológica de los derechos de los animales - 4. Los intereses de los animales - 5. La difusión de las ideas animalistas - 6. Los derechos de los animales y la legislación italiana - 7. Hacia una ecología animalista
590 ## - LOCAL NOTE (RLIN)
Local note niveau_biblio:m niveau_hierar:0
856 41 - ELECTRONIC LOCATION AND ACCESS
Uniform Resource Identifier <a href="https://biblioeco.unsa.edu.ar/pmb/images/libros/Los Animales no Humanos.jpg">https://biblioeco.unsa.edu.ar/pmb/images/libros/Los Animales no Humanos.jpg</a>
Link text Imagen de portada
Electronic format type image/jpeg
942 ## - ADDED ENTRY ELEMENTS (KOHA)
Koha item type
Existencias
Withdrawn status Lost status Damaged status Not for loan Home library Current library Shelving location Date acquired Total checkouts Full call number Barcode Date last seen Price effective from Koha item type
        Biblioteca Prof. Eusebio Cleto del Rey Biblioteca Prof. Eusebio Cleto del Rey   07/04/2026   316.74:34 P739 L119560 07/04/2026 07/04/2026 Libro